Online Catalogue and eLibrary

Women's studies in India : (Record no. 59)

MARC details
000 -LEADER
fixed length control field 00923cam a2200289 a 4500
001 - CONTROL NUMBER
control field 1559611
005 - DATE AND TIME OF LATEST TRANSACTION
control field 20231123005813.0
008 - FIXED-LENGTH DATA ELEMENTS--GENERAL INFORMATION
fixed length control field 920423s1993 ii b 001 0 eng
020 ## - INTERNATIONAL STANDARD BOOK NUMBER
ISBN 8170362946 (IndiaHb)
020 ## - INTERNATIONAL STANDARD BOOK NUMBER
ISBN 0803994389 (USHb)
040 ## - CATALOGING SOURCE (பட்டியலாக்க மூலம்)
Original cataloging agency DLC
Transcribing agency DLC
Modifying agency DLC
082 00 - DDC Classification
Class No. 305.4/0954
DDC Edition Number 20
Item Number - Author Mark ANJ.
100 1# - MAIN ENTRY--PERSONAL NAME
Personal name Vyas, Anju.
245 10 - TITLE STATEMENT
Title Women's studies in India :
Remainder of title information sources, services, and programmes /
Statement of responsibility, etc. compiled by Anju Vyas, Sunita Singh.
260 ## - PUBLICATION, DISTRIBUTION, ETC.
Place of publication, distribution, etc. New Delhi ;
-- Newbury Park, Calif. :
Name of publisher, distributor, etc. Sage Publications,
Date of publication, distribution, etc. 1993.
300 ## - PHYSICAL DESCRIPTION
Extent (e.g. Volumes, Pages etc.) 257 p. ;
650 #0 - SUBJECT ADDED ENTRY--TOPICAL TERM
Topical term or geographic name entry element Women's studies
650 #0 - SUBJECT ADDED ENTRY--TOPICAL TERM
Topical term or geographic name entry element Women's studies
650 #0 - SUBJECT ADDED ENTRY--TOPICAL TERM
Topical term or geographic name entry element Women
650 #0 - SUBJECT ADDED ENTRY--TOPICAL TERM
Topical term or geographic name entry element Women's studies
650 #0 - SUBJECT ADDED ENTRY--TOPICAL TERM
Topical term or geographic name entry element Women
650 #0 - SUBJECT ADDED ENTRY--TOPICAL TERM
Topical term or geographic name entry element Women
700 1# - ADDED ENTRY--PERSONAL NAME
Personal name Singh, Sunita,
Relator term (Role) Editor
856 42 - ELECTRONIC LOCATION AND ACCESS
Uniform Resource Identifier <a href="http://www.loc.gov/catdir/enhancements/fy0657/92016714-d.html">http://www.loc.gov/catdir/enhancements/fy0657/92016714-d.html</a>
856 41 - ELECTRONIC LOCATION AND ACCESS
Uniform Resource Identifier <a href="http://www.loc.gov/catdir/enhancements/fy0657/92016714-t.html">http://www.loc.gov/catdir/enhancements/fy0657/92016714-t.html</a>
942 ## - Koha item type (Biblio)
Koha item type Books in Stacks (Lending)
Holdings
Lost status Damaged status Collection code Home library Current library Date acquired Full call number Accession Number Item type
    Lending WERC Library WERC Library 11/23/2023 305.4/0954 ANJ. 3393 Books in Stacks (Lending)

© WERC Library